University Home | Library Home | Institutional Repository

Political elites. (Record no. 21942)

MARC details
000 -LEADER
fixed length control field 00515cam8a220018100 4500
001 - CONTROL NUMBER
control field zam00000138
008 - FIXED-LENGTH DATA ELEMENTS--GENERAL INFORMATION
fixed length control field 970717n xx eng u
035 ## - SYSTEM CONTROL NUMBER
System control number (Sirsi) r130138
040 ## - CATALOGING SOURCE
Modifying agency UPRA
100 ## - MAIN ENTRY--PERSONAL NAME
Personal name Parry, Geraint.
Linkage A40245.2
245 10 - TITLE STATEMENT
Title Political elites.
260 ## - PUBLICATION, DISTRIBUTION, ETC.
Place of publication, distribution, etc. York :
Name of publisher, distributor, etc. Praeger Publishers,
Date of publication, distribution, etc. 1969.
520 ## - SUMMARY, ETC.
Summary, etc. Deals with elites in politics.
650 #4 - SUBJECT ADDED ENTRY--TOPICAL TERM
Topical term or geographic name entry element Elite.
Linkage S76430.1
650 #4 - SUBJECT ADDED ENTRY--TOPICAL TERM
Topical term or geographic name entry element Elite -- Politics.
General subdivision Elite -- Politics.
Linkage S76529.1
949 10 - LOCAL PROCESSING INFORMATION (OCLC)
m INESOR
t BOOK
l ON-SHELF

No items available.

© 2026 - The University of Zambia Library - Koha v25.11